00564 a2200145 4500003000500000005001700005040000900022082001900031100003800050245009100088260002800179300001000207505017200217650002900389Nust20230102091201.0 cNust a355.309549,PAK aWarsi, Brig Muhammad Jamil Qudrat aPakistan Army Green Book -1990, bYear of The Junior Leadeers 1990 / cGHQ, Rawalpindi aRawalpindibG.H.Qc1990 a377:p aPart 1:- Junior Leadership (Page-1), Part 2:- Selection Reorganization and Indication (Page-279), Part 3:- Future trends and Development in Weapon Systems (Page-341).  aPakistan Army Green Book